EA FC25 TOTS Super Lig - Statistics

General Stats
  • This quiz has been taken 30 times
  • The average score is 13 of 18
Answer Stats
Rate Club Nation Answer % Correct
94 Galatasaray Belgium Dries Mertens
96%
97 Galatasaray Nigeria Victor Osimhen
96%
96 Galatasaray Colombia Davinson Sanchez
92%
96 Fenerbahce Serbia Dusan Tadic
88%
95 Fenerbahce Brazil Fred
80%
94 Besiktas Portugal Rafa
80%
94 Fenerbahce Brazil Anderson Talisca
76%
93 Besiktas DR Congo Arthur Masuaku
72%
90 Galatasaray Turkey Baris Yilmaz
68%
94 Galatasaray Turkey Abdulkerim Bardakci
64%
94 Eyupspor Turkey Berke Ozer
64%
91 Besiktas Portugal Gedson Fernandes
64%
94 Trabzonspor Bosnia Edin Visca
60%
91 Trabzonspor DR Congo Simon Banza
60%
90 Galatasaray Brazil Gabriel Sara
56%
92 Fenerbahce Turkey Oguz Aydin
56%
91 Samsunspor Turkey Zeki Yavru
48%
90 Samsunspor Netherlands Rick van Drongelen
44%
No matching quizzes found
Score Distribution
Percent of People with Each Score
Percentile by Number Answered
Your Score History
You have not taken this quiz